00000000nam 2200000zi 4500
0019.867737
003CaOODSP
00520221107162407
006m     o  d f      
007cr |||||||||||
008190129s1959    onc     ot   f|0| 0 eng d
040 |aCaOODSP|beng|erda|cCaOODSP
041 |aeng|bfre
043 |an-cn---
0861 |aM38-1/33-1959E-PDF
1001 |aKornelsen, E. V., |eauthor.
24510|aRecovery of uranium from an acid leach liquor, using an anion exchange resin and sodium carbonate and bicarbonate as eluting agents / |cby E. Kornelsen, V. M. McNamara and J. C. Ingles.
264 1|aOttawa, Ontario : |bDepartment of Mines and Technical Surveys, |c1959.
300 |a1 online resource (v, 47 pages)
336 |atext|btxt|2rdacontent
337 |acomputer|bc|2rdamedia
338 |aonline resource|bcr|2rdacarrier
4901 |aMines Branch Research Report ; |vR 33
500 |a"June 2, 1959."
500 |aTitle from cover.
504 |aIncludes bibliographic references.
520 |a"It has been shown that it is possible, using both sodium carbonate solution and sodium bicarbonate solution as eluting agents, to remove uranium completely from Amberlite IRA-400 anion exchange resin loaded from an acid leach liquor. During 51 cycles of loading and elution, the resin sample used showed only slight deterioration"--Abstract.
546 |aIncludes abstract in French.
69207|2gccst|aChemicals
7001 |aMcNamara, V. M., |eauthor.
7001 |aIngles, J. C., |eauthor.
7101 |aCanada. |bDepartment of Mines and Technical Surveys.
7101 |aCanada. |bMines Branch.
830#0|aResearch report (Canada. Mines Branch)|vR 33.|w(CaOODSP)9.855660
85640|qPDF|s1.62 MB|uhttps://publications.gc.ca/collections/collection_2019/rncan-nrcan/m38-1/M38-1-33-1959-eng.pdf